Fr. Conceicao Rodrigues College of Engineering

JAVA Design (Record no. 20906)

MARC details
000 -LEADER
fixed length control field 00315nam a2200157Ia 4500
082 ## - DEWEY DECIMAL CLASSIFICATION NUMBER
Classification number 5.133
Item number COA/MAY
100 ## - MAIN ENTRY--PERSONAL NAME
Personal name Coad Peter/ Mayfield/ Mark
250 ## - EDITION STATEMENT
Edition statement 2
245 ## - TITLE STATEMENT
Title JAVA Design
260 ## - PUBLICATION, DISTRIBUTION, ETC.
Name of publisher, distributor, etc. Yourdon Press
Date of publication, distribution, etc. 1999
300 ## - PHYSICAL DESCRIPTION
Extent 309
546 ## - LANGUAGE NOTE
Language note ENGLISH
654 ## - SUBJECT ADDED ENTRY--FACETED TOPICAL TERMS
Focus term java
942 ## - ADDED ENTRY ELEMENTS (KOHA)
Koha item type BOOK
Holdings
Withdrawn status Lost status Damaged status Not for loan Collection Home library Current library Date acquired Total Checkouts Full call number Barcode Date last seen Price effective from Koha item type
        CRC Fr. Agnel's C.Rodrigues College of Engineering Fr. Agnel's C.Rodrigues College of Engineering 17/03/2023   5.133 COA/MAY 11456 17/03/2023 17/03/2023 BOOK